000 00425nam a2200133Ia 4500
008 100328s9999 xx 000 0 und d
082 _b29380
100 _aकेळकर न. चि.
245 _aसुभाषित आणि विनोद
260 _bनीलकंठ
630 _aसुभाषित आणि विनोद
730 _aसुभाषित आणि विनोद
942 _cBOOK
999 _c520414
_d520411